[Event "Lee Cup 4th"]
[Site "Beijing"]
[Date "1997.08.30"]
[Round "6"]
[White "Oll, Lembit"]
[Black "Peng Xiaomin"]
[Result "1-0"]
[WhiteElo "2645"]
[BlackElo "2530"]
[Annotator "Mikhalevski,V"]
[PlyCount "121"]
[EventDate "1997.08.23"]
[EventType "swiss"]
[EventRounds "11"]
[EventCountry "CHN"]
[Source "ChessBase"]
[SourceDate "1997.11.23"]
[WhiteTeamCountry "EST"]
[BlackTeamCountry "CZE"]

1. e4 e5 2. Nf3 Nc6 3. d4 exd4 4. Nxd4 Bc5 5. Be3 Qf6 6. c3 Nge7 7. Bc4 O-O 8.
O-O Bb6 9. Na3 Nxd4 (9... Rd8 10. Nac2 d5 11. Nxc6 bxc6 12. Be2 Bb7 13. exd5
cxd5 14. Bf3 Nf5 15. Bxb6 axb6 16. g3 c5 17. Bg2 Bc6 18. Qg4 Ra4 19. Qf3 Rd6
20. Rfe1 g6 21. Qd3 h5 22. a3 Kg7 23. Rad1 Ra8 24. Ne3 {
Riou,I-Koerholz,L/Candas op 1996/EXP 51/0-1 (34)}) 10. Bxd4 (10. cxd4 d5 11.
exd5 Rd8 12. Qh5 h6 13. Rfe1 Bf5 14. Qf3 Rd7 15. Nb5 Rad8 16. Bf4 Bg6 17. Nc3
Bxd4 18. Rad1 Bh5 19. g4 Bxc3 20. bxc3 g5 21. gxh5 Qxf4 22. Qxf4 gxf4 23. Rb1
Nxd5 24. Rxb7 f3 {Chandler,M-Short,N/ENG-ch m 1991/CBM 28/1/2-1/2 (56)}) 10...
Bxd4 11. cxd4 (11. Qxd4 Qxd4 12. cxd4 c6 13. Rfe1 b5 14. Bb3 a5 15. Rac1 Bb7
$13 {1/2-1/2 Rohl,T-Onischuk,A/Moscow olm 1994 (100)}) 11... d5 12. exd5 (12.
e5 Qb6 13. Bd3 Qxb2 14. Nb5 c6 15. Rb1 Qxa2 16. Ra1 {
1/2-1/2 Schmaltz,R-Slobodjan,R/GER-chJ U20 1992/EXT 92ch}) 12... Nf5 13. Nc2
$14 b6 $2 (13... Nd6 $142) 14. Qf3 $1 Qg5 15. Rfe1 (15. Rae1 $5) 15... Nd6 16.
Bd3 Bb7 17. Re5 $16 f5 18. Rae1 Rad8 19. Qe3 (19. Re7) 19... Qxe3 20. fxe3 $6 {
><e5;/\Nc2-b4-c6} (20. Nxe3 $142) 20... a5 $1 21. Rc1 g6 22. Na3 Rf7 23. b3 (
23. Nc4 {doesn't create any threat.White start fill uncomfortable position of
his rook on e5.}) 23... Kf8 {Black is preparing Rg7,Nf7 and after Re6-B:d5} 24.
Bb5 Rg7 25. Bc6 {
White has managed to save d5 pawn,but his rook is still in a danger.} Ba6 $1 (
25... Bc8 $6 26. Nb5 $1 {/\27N:d6 cd 28.Re8!+/-} Nf7 $140 (26... Ba6 27. Nxd6
cxd6 28. Re6 Bc8 $140 29. Re8+) 27. d6 $1 cxd6 28. Re8+ $1 Rxe8 29. Bxe8 $16)
26. h4 {White is preventing 26...Nf7 27.Re6 Ng5,but anyway he must sacrifice
an exchange...Now we can see that 20.fe wasn't very smart.} (26. Nc4 Nf7 27.
Re6 Ng5 (27... Bc8 $5) 28. Re5 Nf7 $11) 26... Nf7 27. Re6 Bc8 28. Nc4 h5 $5 {
An intresting idea.Black is planning to play 29...g5 and after 30.hg to take
on e6 and then N:g5 bringing his knight into the play.} ({Certainly} 28... Bxe6
29. dxe6 Nd6 {was also possible}) 29. Kf2 g5 30. hxg5 Bxe6 31. dxe6 Nxg5 32. d5
Ne4+ (32... Ke7 33. Rh1 Ne4+ 34. Kf3 Rg3+ (34... Nf6 35. Ne5 Nxd5 36. Nf7 Rxf7
37. exf7 Kxf7 38. Bxd5+ Rxd5 39. Rxh5 Kg6 $11) 35. Kf4 Rg4+ {see the game}) 33.
Kf3 Rg3+ 34. Kf4 Ke7 35. Rh1 Rdg8 $2 (35... Rg4+ $142 $1 36. Kf3 (36. Ke5 $2
Ng3) 36... h4 $1 37. Ne5 Rg3+ 38. Kf4 Rxg2 39. Rxh4 Rf2+ 40. Nf3 Nf6 $17 (40...
Nd2 $5)) 36. Rxh5 R8g4+ $2 (36... R3g4+ $1 37. Kf3 (37. Ke5 $6 Nf6 38. d6+ (38.
Rh1 Re4+ $1 39. Kxf5 Reg4 $1 $19) 38... cxd6+ 39. Nxd6 Nxh5 40. Nxf5+ Kd8 41.
e7+ Kc7 42. e8=Q Rxe8+ 43. Bxe8 Ng7 $17) 37... Kf6 $1 38. Rh6+ R8g6 $15) 37.
Kxf5 $16 Nf6 38. Rh8 $2 (38. d6+ $3 cxd6 39. Nxb6 $1 Nxh5 $1 (39... Rg8 40.
Nd5+ Nxd5 41. Rh7+ $16 (41. Bxd5 $16)) 40. Nd5+ Kf8 41. e7+ Kg7 42. e8=Q Rg5+
43. Ke4 (43. Ke6 Re5+ 44. Kxd6 Rxe8 45. Bxe8 Nf6 46. Bc6 Nxd5 47. Bxd5 Rxe3 $14
) 43... Re5+ 44. Qxe5+ dxe5 45. Kxe5 $14) 38... Rg5+ 39. Kf4 R5g4+ 40. Ke5 Rxg2
$2 (40... Rg5+ $142 41. Kf4 (41. Kd4 R3g4+ 42. Kd3 Nxd5 43. Rh7+ Kf6) 41...
R5g4+ $11) 41. d6+ cxd6+ 42. Nxd6 Rg5+ 43. Nf5+ Rxf5+ 44. Kxf5 $16 Rxa2 (44...
Rf2+ 45. Ke5 Ng4+ 46. Kd4 $16) 45. Rb8 Rf2+ 46. Ke5 Ng4+ 47. Ke4 Kxe6 48. Rxb6
$18 Kd6 49. Ba4+ Ke7 50. Rb7+ Kd6 51. Rb5 Rf7 52. Kd4 Rf1 53. Rd5+ $1 Ke7 54.
Rxa5 Rd1+ 55. Ke4 Nf6+ 56. Kf3 Kd6 57. Bb5 Rh1 58. Bc4 Rh4 59. Ra6+ Ke5 60.
Re6+ Kf5 61. Re7 1-0

[Event "Lee Cup 4th"]
[Site "Beijing"]
[Date "1997.08.31"]
[Round "7"]
[White "Liang Jinrong"]
[Black "Oll, Lembit"]
[Result "0-1"]
[WhiteElo "2425"]
[BlackElo "2645"]
[Annotator "Har Zvi"]
[PlyCount "44"]
[EventDate "1997.08.23"]
[EventType "swiss"]
[EventRounds "11"]
[EventCountry "CHN"]
[Source "ChessBase"]
[SourceDate "1997.11.23"]
[WhiteTeamCountry "EST"]
[BlackTeamCountry "CZE"]

1. e4 c5 2. Nf3 d6 3. Bb5+ Nd7 4. O-O Ngf6 5. Re1 e6 (5... e5 6. c3 Be7 7. d4
Qc7 8. dxe5 dxe5 9. Nh4 a6 10. Bf1 g6 11. Qf3 Nh5 12. Nf5 gxf5 13. Qxh5 Nf6 14.
Qd1 fxe4 15. Bg5 Bf5 16. Bc4 Rd8 17. Qb3 O-O 18. Bxf6 Bxf6 19. Bd5 b5 20. c4
$13 {0-1 Oral,T-Vokac,M/CZE-ch Turnov 1996/CBM 54 (33)}) (5... a6 6. Bf1 b6 7.
d4 cxd4 8. Nxd4 Bb7 9. f3 e6 10. a4 Be7 (10... Rc8 11. b3 (11. a5 b5 {xc4})
11... Be7 12. Bb2 O-O 13. Nd2 $10) 11. a5 b5 (11... bxa5 12. Bd2) (11... O-O
12. axb6 Qxb6 13. Kh1 (13. Be3 Qxb2 14. Nd2 $13)) 12. c4 bxc4 13. Bxc4 O-O (
13... Ne5 14. Bf1 (14. Bxe6 $6 fxe6 15. Nxe6 Qd7 16. Nxg7+ Kf7 17. Nf5 Rag8 18.
Nh6+ Kf8 19. Nxg8 Rxg8 20. Kh1 h5 $44)) (13... d5 14. exd5 Nxd5 15. Nc3 (15.
Rxe6 $6 fxe6 16. Nxe6 Qc8 $17) (15. Nf5 Bc5+ 16. Kh1 O-O 17. Bxd5 Bxd5 18. Be3
$14) 15... Nxc3 16. bxc3 {xe6}) 14. Nc3 (14. Bxe6 $5 fxe6 15. Nxe6 Qc8 16. Nxf8
Bxf8 17. Nc3 $14) 14... Ne5 15. Bf1 (15. Bxe6 fxe6 16. Nxe6 Qd7 17. Nxf8 Rxf8
$13) 15... Qc7 (15... Rc8 16. Qb3 Rb8 17. Qa4 $13) 16. Be3 d5 17. exd5 Nxd5 18.
Nxd5 Bxd5 19. Nf5 (19. Bf4 Bd6 (19... Bf6 20. Kh1 $14) 20. Kh1 Ng6 $10) 19...
Bb4 (19... Bc5 20. Bxc5 Qxc5+ 21. Qd4 Qxd4+ 22. Nxd4 Nc6 23. Nxc6 Bxc6 24. Rec1
Bd5 25. b4 $14) 20. Bb6 Qb8 (20... Bc5+ $2 21. Kh1 $1) 21. Qd4 (21. Re3 Nc6 $17
) 21... Bxe1 22. Rxe1 exf5 23. Qxd5 Re8 24. Rc1 Re6 25. b4 (25. Bc7 Qe8 $17)
25... h5 (25... Rd6 $1 26. Qb3 (26. Qxe5 Rxb6 $19) 26... Rxb6 27. axb6 Qxb6+
28. Kh1 Rb8 29. Qd5 $15) 26. Bc7 Qa7+ (26... Qe8 27. b5 $44) 27. Bb6 Qb8 28.
Bc7 Qa7+ 29. Bb6 Qb8 {1/2-1/2 Shirov,A-Kasparov,G/Linares 1994/CBM 40/[Shirov]}
(29... Rxb6 30. axb6 Qxb6+ 31. Qc5 (31. Kh1 Re8 32. Re1 Qf2 $1) 31... Qf6 32.
Rd1 $44)) 6. c3 (6. d4 cxd4 7. Qxd4 Be7 8. Bg5 O-O 9. Nc3 Qc7 10. Rad1 Rd8 11.
Bxd7 Bxd7 12. Bxf6 gxf6 13. Qe3 Kh8 14. Nd4 Qc5 15. Rd3 Rac8 16. Qd2 b5 17. a3
Rg8 18. g3 $14 {1-0 Antonio,R-Nguyen Anh Dung/Genting zt 1995/EXP 47 (32)})
6... a6 7. Bf1 b5 (7... g6 8. d4 Bg7 9. d5 e5 10. a4 b6 11. Nbd2 O-O 12. Nc4
Ne8 13. Bg5 f6 14. Bd2 Rf7 15. b4 h6 16. Qc1 Kh7 17. Bd3 Ra7 18. b5 f5 (18...
a5) 19. exf5 gxf5 20. Qc2 Nf8 (20... e4 $2 21. Bxe4 fxe4 22. Qxe4+) 21. bxa6
Kg8 22. Nfxe5 $1 dxe5 23. Nxe5 Bxe5 24. Rxe5 Nd6 25. c4 Rxa6 26. Rae1 $40 Ng6
27. R5e3 h5 28. Rg3 Rg7 29. Bg5 Qd7 30. Bf6 Qxa4 31. Qc3 $18 Raa7 32. Bxg7 Rxg7
33. Qf6 Ne8 34. Qd8 Bd7 35. Bxf5 Bxf5 36. Rxe8+ Kh7 37. h3 Qxc4 38. Qg5 {
1-0 Farago,S-Enders,P/Budapest FS06 GM 1995/CBM 49}) (7... Be7 8. d4 cxd4 9.
cxd4 b5 10. a4 b4 11. a5 O-O 12. Bg5 Bb7 13. Nbd2 h6 14. Bh4 Ra7 15. h3 Re8 16.
Qa4 Qa8 17. d5 exd5 18. exd5 Bxd5 19. Qxb4 Ne5 $132 {
0-1 Cladouras,P-Gurevich,D/Biel op 1992/EXP 31 (46)}) 8. d4 Bb7 9. Nbd2 cxd4
10. cxd4 Be7 11. b3 O-O 12. Bb2 (12. Bd3 e5 13. Bb2 Re8 14. Nf1 Bf8 15. Ng3 g6
16. Qd2 exd4 17. Nxd4 Bg7 18. Rad1 Nc5 19. f3 Nxd3 20. Qxd3 Nd7 21. Qd2 d5 22.
exd5 Rxe1+ 23. Rxe1 Nf6 (23... Bxd5 24. Ndf5 Bxb2 25. Ne7+) 24. Ndf5 $1 gxf5
25. Nxf5 Qf8 26. Qg5 Re8 27. Ba3 $3 Rxe1+ 28. Kf2 Re2+ 29. Kxe2 Qe8+ 30. Kf2
Nh5 31. Qxh5 Qd8 32. Qg4 Qb6+ 33. Kg3 Qf6 34. Bc5 Qe5+ 35. Kh3 Bxd5 {
1-0 Visser,Y-Riemersma,L/NLD-ch sf Enschede 1992/EXT 92ch}) 12... d5 13. e5 (
13. exd5 $6 Nxd5) 13... Ne4 14. Bd3 {this is not a very easy decision to allow
black to keep such a knight on e4 where he has control over some very
important squares such as c3} (14. Nxe4 dxe4 15. Nd2 f5 16. a4 $132) 14... f5
15. exf6 Ndxf6 16. a3 (16. Ne5 Bb4) 16... Bd6 $36 17. Ne5 $2 (17. Qe2 {
this seems as white's move in the position}) (17. h3) 17... Bxe5 $1 (17... Nxf2
$5 18. Kxf2 Bxe5 (18... Ne4+ 19. Kg1 Bxe5 20. Bxe4 Bxh2+ 21. Kxh2 Qh4+ 22. Kg1
Qf2+ 23. Kh2 Qh4+ $11 (23... Rf6 $2 24. Bf3 Rh6+ 25. Bh5 g6 26. Re5)) 19. Rxe5
Ng4+ 20. Ke2 (20. Ke1 Nxe5 21. dxe5 Qh4+ 22. g3 Qxh2 23. Qg4 Qf2+ 24. Kd1 Qg1+
25. Kc2 Rac8+ $19) (20. Kg1 Qh4 21. h3 Nxe5 22. dxe5 Qf2+ 23. Kh2 d4 24. Bf1
Qe3 $19 25. Qe2 Rf2) 20... Rf2+ 21. Ke1 Rxg2 (21... Nxe5 22. Bxh7+ Kxh7 23.
Kxf2 Nd3+ 24. Kg1 Nxb2 25. Qc2+) 22. Rh5 Qf6 23. Qf3 Qxf3 24. Bxh7+ Kf8 25.
Nxf3 Rxb2 $17) 18. dxe5 (18. Bxe4 Nxe4 19. Nxe4 (19. dxe5 Nxf2 20. Qe2 d4 $1
$19 (20... Qb6 21. Qe3)) 19... Bxh2+ 20. Kxh2 Qh4+ 21. Kg1 dxe4 $17 {/-+})
18... Nxf2 $1 19. Qe2 (19. Kxf2 $4 Ne4+ 20. Ke2 (20. Kg1 Qb6+) (20. Ke3 d4+ 21.
Bxd4 Qg5+ 22. Ke2 Qxg2+ 23. Ke3 Qf2#) 20... Rf2+ 21. Ke3 d4+ 22. Bxd4 Qg5#)
19... N6g4 $1 20. Nf3 (20. h3 $2 Qb6) 20... Rxf3 $1 {
20...d4 is also possible but this is just the best} 21. Qxf3 $2 (21. gxf3 Qh4
22. fxg4 Nh3+ 23. Kh1 (23. Kf1 Rf8+ 24. Bf5 exf5 25. g5 Qf4+ 26. Kg2 d4+ 27.
Kxh3 Bf3) 23... d4+ 24. Be4 Bxe4+ 25. Qxe4 Nf2+) 21... Qb6 22. Qf4 Nh3+ 0-1

[Event "Lee Cup 4th"]
[Site "Beijing"]
[Date "1997.09.01"]
[Round "8"]
[White "Oll, Lembit"]
[Black "Alterman, Boris"]
[Result "1/2-1/2"]
[WhiteElo "2645"]
[BlackElo "2615"]
[PlyCount "49"]
[EventDate "1997.08.23"]
[EventType "swiss"]
[EventRounds "11"]
[EventCountry "CHN"]
[Source "ChessBase"]
[SourceDate "1997.11.23"]
[WhiteTeamCountry "EST"]
[BlackTeamCountry "CZE"]

1. e4 c5 2. Nf3 Nc6 3. Nc3 g6 4. d4 cxd4 5. Nxd4 Bg7 6. Be3 Nf6 7. Bc4 O-O 8.
Bb3 d6 9. h3 Na5 10. Qd2 Nxb3 11. axb3 d5 12. e5 Ne4 13. Nxe4 dxe4 14. Bf4 Qb6
15. Qe3 f6 16. Qxe4 fxe5 17. Bxe5 Bf5 18. Qd5+ e6 19. Qa5 Bxe5 20. Qxe5 Bxc2
21. Nxc2 Qxf2+ 22. Kd1 Rac8 23. Qe4 Rfd8+ 24. Kc1 e5 25. Rd1 1/2-1/2

[Event "Lee Cup 4th"]
[Site "Beijing"]
[Date "1997.09.02"]
[Round "9"]
[White "Van Wely, Loek"]
[Black "Oll, Lembit"]
[Result "1-0"]
[WhiteElo "2655"]
[BlackElo "2645"]
[Annotator "Ribli"]
[PlyCount "109"]
[EventDate "1997.08.23"]
[EventType "swiss"]
[EventRounds "11"]
[EventCountry "CHN"]
[Source "ChessBase"]
[SourceDate "1997.11.23"]
[WhiteTeamCountry "EST"]
[BlackTeamCountry "CZE"]

1. c4 e6 2. Nc3 Nf6 3. e4 {
Die sogenannte Mikenas Variante führt zu kompliziertem Spiel.Ribli.} d5 (3...
c5 4. e5 Ng8 5. Nf3 Nc6 6. d4 cxd4 7. Nxd4) 4. e5 d4 5. exf6 dxc3 6. bxc3 Qxf6
7. Nf3 e5 8. Bd3 Na6 {Der schwarze Springer zielt nach c5.Ribli.} (8... Nc6 9.
O-O Bd6 10. Rb1 $1 (10. Re1 O-O 11. Qc2 h6 12. Be4 Bd7 13. Bb2 $14 (13. Rb1 b6
14. d4 Rae8 15. c5 $5 bxc5 16. d5 Ne7 17. Rb7 a5 18. Nd2 Qh4 19. Nc4 Bc8 $1 20.
g3 Qg4 21. Ne3 Qh5 22. Ra7 f5 $1 {
Sunye Neto,J-Juarez Flores,C/Manila izt 1990/1/2-1/2 (68)}) 13... Na5 (13...
Rae8 14. d4 b6 15. Re3 Na5 $6 16. c5 $1 {#} bxc5 $2 (16... exd4 17. Bh7+ Kh8
18. Rxe8 Rxe8 19. cxd6 g6 20. cxd4 Kxh7 21. dxc7 $16) 17. dxe5 Rxe5 18. c4 $1
Rfe8 19. Nxe5 Bxe5 20. Bxe5 Rxe5 21. Rae1 {/\ Bh7} Re6 22. Qd2 {
1-0 Sunye Neto,J-Ashley,M/New York CITS 1996}) 14. c5 $1 Bxc5 15. d4 exd4 16.
cxd4 Bb6 17. d5 $16 {+/- Kortchnoi,V-Lepelletier,B/Cannes 1996}) 10... O-O 11.
Qc2 h6 12. Be4 Qe6 $8 13. d3 Nd8 14. d4 $5 Qxc4 15. Bd3 Qe6 16. Re1 $14 {
1-0 Gelfand,B-Yegiazarian,A/Yerevan (ol) 1996 (48)}) (8... Bf5 $6 9. Bxf5 Qxf5
10. O-O Nd7 11. d4 O-O-O 12. Be3 $14 {
Ribli 1-0 Kortschnoj,V-Robatsch,K/Ptuj zt 1995 (41)}) 9. O-O Bd6 $6 (9... Nc5
$5 10. Nxe5 Qxe5 (10... Bd6 $13) 11. Re1 Nxd3 12. Rxe5+ Nxe5 13. Qe2 $16) 10.
Re1 $1 $146 {Es ist interessant, daß dieser natürliche Zug eine theoretische
Neuerung ist.Ribli.} (10. Ba3 Bg4 11. Bxd6 Qxd6 12. Qa4+ Kf8 13. Be4 Nc5 14.
Qc2 Re8 15. Rfe1 g6 16. h3 Bd7 17. d4 exd4 18. cxd4 Nxe4 19. Rxe4 Kg7 20. Ree1
b6 {1/2-1/2 Milos,G-Tal,M/Buenos Aires Najdorf 1991/CBM 24/[Ribli]}) (10. Bc2
Bg4 (10... O-O 11. d4 exd4 12. cxd4 Bf5 13. Rb1 Rab8 14. Bg5 Qg6 15. Bxf5 Qxf5
16. Re1 h6 17. Bh4 c5 {Hauchard,A-Levacic,D/FRA-chT 1993/TD 93\08/1/2-1/2 (65)}
) 11. d4 Bxf3 12. Qxf3 Qxf3 13. gxf3 O-O-O 14. Rb1 c5 15. Be4 b6 16. dxe5 Bxe5
17. Rb3 Nb8 18. Be3 Kc7 19. Rfb1 Nc6 20. Bd5 Rd7 21. f4 {
1/2-1/2 Gelfand,B-Jussupow,A/Erevan olm 1996/EXT 96ch2}) 10... O-O 11. Nxe5 $1
{#} Nc5 (11... Bxe5 $5 12. Qh5 Bxh2+ (12... Re8 {
Nach diesem Zug ist nicht ganz klar, was Weiß für die geopferte Figur hat.} 13.
Bxh7+ Kf8 14. Ba3+ Bd6 15. c5 Be7) 13. Qxh2 (13. Kxh2 Qd6+ $19) 13... Bf5 $11)
(11... Re8 12. Nf3) 12. Bc2 Bxe5 13. Qh5 Bxh2+ 14. Kxh2 (14. Qxh2 Bf5) 14...
Qd6+ 15. Qe5 Qxe5+ 16. Rxe5 $14 Ne6 (16... b6 17. Ba3) 17. d4 {Weiß hat großen
Raumvorteil im Zentrum und das Läuferpaar. Die schwarzen Leichtfiguren haben
hingegen keine guten Felder.} Bd7 18. c5 Rfe8 19. Rb1 b6 (19... Rab8 20. Be4
$14) 20. Be4 (20. c6 $2 Bxc6 21. d5 Nc5 22. Rxe8+ Bxe8 $15) 20... Rad8 21. c6
Bc8 22. Bc2 {Der weiße Läufer zielt nach b3.Ribli.} Ba6 23. Bb3 (23. f4 f6 24.
Re3 Bc4) 23... Bd3 24. Rb2 {
Weiß hat großen Raumvorteil und bewegliche Bauern im Zentrum.Ribli.} g6 25. Bh6
Ng7 26. Bf4 Rxe5 (26... Ne6 27. Bg3) 27. Bxe5 Ne8 28. d5 b5 29. Rd2 Bc4 30.
Bxc4 bxc4 31. g4 $1 {
Weiß gewinnt Raum am Königsflügel. Die schwarzen Figuren stehen passiv.Ribli.}
f6 (31... Nd6 32. Bxd6 Rxd6 (32... cxd6 33. Rb2 $16) 33. Kg3 {
Und das Eingreifen des Königs ist sehr gefährlich für Schwarz.Ribli.}) 32. Bg3
Kf7 33. Kg2 h6 (33... Nd6 34. Bxd6 cxd6 (34... Rxd6 35. Kf3 $16) 35. Rb2 $16)
34. Kf3 f5 35. gxf5 gxf5 36. Be5 $16 Nf6 (36... Nd6 37. Kf4) 37. Bxf6 $1 {
Dr.Tartakover sagte: "Alle Turmendspiele sind remis." - Aber unsere Partie
stellt eine Ausnahme dar. Der aktive weiße König und die gefährlichen c- und
d-Bauern bieten Weiß gute Chancen.Ribli.} Kxf6 38. Kf4 h5 (38... Re8 39. f3 Re1
$2 40. d6 $18) (38... Rg8 39. f3) (38... Rd6 39. Rd4 (39. Ke3 Kg5 40. Kd4)
39... h5) 39. d6 $1 cxd6 (39... Rxd6 $2 40. Rxd6+ cxd6 41. c7 $18) 40. c7 Rc8
41. Rxd6+ Ke7 42. Rh6 Kd7 (42... Rxc7 43. Rh7+ Kd6 44. Rxh5 $16 (44. Rxc7 Kxc7
45. Kxf5 Kd6 46. Kg5 Ke5 47. Kxh5 Kf4 48. Kg6 Kf3 49. Kf5 Kxf2 50. Ke4 $18))
43. Rh7+ Kc6 44. Kxf5 Kb7 {Schwarz möchte den Pc7 mit dem König blockieren, um
seinen Turm von dieser Aufgabe zu befreien.Ribli.} (44... Rf8+ 45. Kg5 Kb7 46.
f4 $18) 45. f4 Re8 46. Kg5 Re3 47. f5 {Daß Aktivität wichtiger ist als
Material, gehört zu den alten Weisheiten des Turmendspiels. Ribli.} Rxc3 48. f6
$18 Rg3+ 49. Kh6 h4 50. f7 Rf3 51. Rh8 (51. c8=Q+ {
Das ist auch gut für Weiß, aber der Textzug ist  präziser.Ribli.} Kxc8 52. Rh8+
Kd7 53. f8=Q Rxf8 54. Rxf8 $18) 51... Kxc7 52. f8=Q Rxf8 53. Rxf8 Kd6 54. Kg5
Ke5 55. Kxh4 {
Und Schwarz gab auf. Er verliert seinen a-Bauern und die Partie.Ribli.} (55.
Kxh4 c3 56. Ra8 Kd4 (56... c2 57. Rc8 $18) 57. Rxa7 c2 58. Rc7 $18) 1-0

[Event "Lee Cup 4th"]
[Site "Beijing"]
[Date "1997.09.03"]
[Round "10"]
[White "Pigusov, Evgeny"]
[Black "Oll, Lembit"]
[Result "1-0"]
[WhiteElo "2560"]
[BlackElo "2645"]
[Annotator "Horn,Pe"]
[PlyCount "37"]
[EventDate "1997.08.23"]
[EventType "swiss"]
[EventRounds "11"]
[EventCountry "CHN"]
[Source "ChessBase"]
[SourceDate "1997.11.23"]
[WhiteTeamCountry "EST"]
[BlackTeamCountry "CZE"]

1. Nf3 d5 2. g3 Bg4 3. Bg2 Nd7 4. c4 e6 5. d3 c6 6. O-O Ngf6 7. cxd5 exd5 (7...
cxd5 8. Nc3 a6 9. Be3 Be7 10. Qb3 Bxf3 11. Bxf3 b5 12. Rfc1 O-O 13. Bg2 Nc5 14.
Qd1 Rc8 15. Bd2 Qd7 16. b4 Nb7 17. a3 Nd6 18. e3 Nf5 19. Ne2 h5 20. h3 Rfd8 21.
Bc3 Ne8 22. Ra2 {Anand,V-Speelman,J/Roquebrune rapid 1992/CBM 28/1-0 (54)}) 8.
Qc2 Be7 (8... Bc5 9. e4 O-O 10. Nc3 dxe4 11. dxe4 Re8 12. h3 Bh5 13. Bf4 Bb4
14. Nh4 Nc5 15. e5 Nfd7 16. a3 Bxc3 17. Qxc3 Bg6 18. Rad1 Qe7 19. Be3 Na4 20.
Nxg6 hxg6 21. Qc2 Nab6 22. f4 g5 23. a4 {
Loginov,V-Shipov,S/Berliner Sommer 1996/EXP 54/0-1 (76)}) 9. e4 Nc5 $6 $146 (
9... O-O 10. Nc3 Rc8 11. h3 Bxf3 12. Bxf3 Ne5 13. Bg2 dxe4 14. dxe4 Qd3 15.
Qxd3 Nxd3 16. Be3 b6 17. Rab1 Rfd8 18. Rfd1 Bb4 19. Ne2 c5 20. a3 Ba5 21. e5 {
1-0 Loginov,V-Spraggett,K/Moscow olm 1994/EXP 44}) (9... Bxf3 10. Bxf3 Ne5 11.
Be2 $16) 10. Ne5 Be6 11. Be3 $5 d4 (11... Qd6 12. f4 $16) 12. Bc1 {Weiß hat  2
Züge verloren (Bc1-e3-c1). Aber der eine Zug, den Schwarz gewonnen hat (Pd5-d4)
, kommt Weiß sehr gelegen: durch die Aufhebung der Spannung im Zentrum hat
Weiß eine bewegliche Bauernmajorität im Zentrum bekommen.} O-O 13. Nd2 Qa5 $2 {
Es ist klar, daß die schwarze Q sich hier auf feindliches Territorium bewegt.
Aus der Folge wird kein schwarzer Plan ersichtlich; ich nehme an, daß Oll
irgendetwas entgangen war.} (13... Nfd7 {Das wäre eine "normale" Fortsetzung:
der Vorposten Ne5 wird befragt, und der Pf7 wird beweglich.} 14. Nxd7 Qxd7 15.
f4 (15. b4 Na6 16. a3 c5 $132) 15... Bh3 (15... f5 16. b4 Na6 17. a3 c5 18.
exf5 Bxf5 19. Nf3 $5 cxb4 20. Ne5 $44) 16. Bxh3 Qxh3 17. Nf3 Rad8 18. b4 $14)
14. f4 Rad8 (14... Ng4 15. Ndc4 Qc7 16. Nxg4 Bxg4 17. f5 $16) (14... Ncd7 15.
Nxd7 (15. Ndc4 $5) 15... Bxd7 $8 16. Nc4 Qh5 $140 17. f5 $16) 15. f5 Bc8 16.
Ndc4 Qc7 (16... Qa6 {die Q ist auch hier nicht gut plaziert.} 17. Bd2 $16 (17.
Bf4 $5)) 17. Bd2 Rfe8 $2 {
ein taktisches Übersehen; die Stellung war aber schon nicht mehr erfreulich.} (
17... b6 $16) 18. Nxf7 $1 $18 Ncxe4 (18... Kxf7 19. Bf4 $18 Qd7 (19... Bd6 20.
Nxd6+ Rxd6 21. Qxc5 $18) 20. Ne5+) 19. dxe4 1-0